| 000 | 00916nas a2200277 4500 | ||
|---|---|---|---|
| 001 | BR2014005228 | ||
| 003 | BR-BrBNA | ||
| 005 | 20231205124422.0 | ||
| 007 | ta | ||
| 008 | 230509b bl.|||p| |||| 00| 00por d | ||
| 040 |
_aBR-BrBNA _bpor _cBiblioteca Nacional de Agricultura |
||
| 041 | _a(Pt) | ||
| 072 | _aL73; M11 | ||
| 100 | 1 | _aFigueiredo, H.C.P. | |
| 100 | 1 | _aCarneiro, D.O. | |
| 100 | 1 | _aFaria, F.C. | |
| 100 | 1 | _aCosta, G.M. | |
| 245 | 1 | _aStreptococcus agalactiae associado à meningoencefalite e infecção sistêmica em tilápia-do-nilo (Oreochromis niloticus)no Brasil | |
| 650 | _aTILÁPIA NILÓTICA | ||
| 650 | _aANTIBIÓTICO | ||
| 650 | _aAMOSTRAGEM | ||
| 650 | _aPATOGENO | ||
| 773 | 0 |
_tArquivo Brasileiro de Medicina Veterinária e Zootecnia (Brazil) _xISSN 0102-0935 _g(Aug 2006), v. 58(4) p. 678-680 _wBR2014005228 |
|
| 909 |
_a202311 _bLúcia _c55 _dLúcia Elande |
||
| 942 |
_2AGRIS _n0 _cANA |
||
| 999 |
_c238974 _d238974 |
||